000 01367cam a2200301 a 4500
005 20131031054846.0
008 080609s2009 dcua b i001 0 eng
020 _a9780821375549
020 _a0821375547
041 0 _aeng
080 _a330
_x(510)
245 0 0 _aBuilding bridges :
_cVivien Foster ... [et al.].
260 _aWashington, DC :
_bWorld Bank :
_bPublic-Private Infrastructure Advisory Facility,
_cc2009.
300 _axxiii, 143 p. :
_bill. ;
_c23 cm.
490 1 _aTrends and policy options ;
_vno. 5
500 _aOverview : f. XI-XIX
500 _a"Helping to eliminate poverty through private involvement in infrastructure."
504 _aIncludes bibliographical references (p. 75-77) and index.
650 0 _aInvestimet, Kineze
_zAfrica
650 0 _aInfrastruktura (Ekonomia)
_zAfrica
651 0 _aChina
_xMarrëdhëniet ekonomike ndërkombëtare
_zAfrica, Sub-Saharan.
651 0 _aAfrica, Sub-Saharan
_xMarrëdhëniet ekonomike ndërkombëtare
_zKina
700 1 _aFoster, Vivien,
_d1968-
830 0 _aPPIAF trends and policy options ;
_vno. 5.
856 4 1 _3Table of contents only
_uhttp://www.loc.gov/catdir/toc/ecip0820/2008023785.html
856 4 2 _3Publisher description
_uhttp://www.loc.gov/catdir/enhancements/fy1210/2008023785-d.html
942 _2udc
_cBK
999 _c232
_d232